000 00512nam a2200169Ia 4500
003 GCL
008 140319s9999 xx 000 0 ara d
040 _aGCL /
_cGCL
082 0 4 _a251.12
_bا ف
100 1 _aالسيد سابق
245 1 0 _aفقه السنة /
_cالسيد سابق
260 _aالقاهرة :
_bالفتح للاعلام العربى ،
_c1997
300 _a3مج ؛
_c24سم
650 0 4 _aالشريعة الاسلامية
650 0 4 _aالفقه الاسلامى
942 _2ddc
_cBK
999 _c48140
_d48140